000 00319nam a2200133Ia 4500
005 20251222155210.0
008 251222s9999||||xx |||||||||||||| ||spa||
082 _aETI.234
100 _aOsvaldo Cuadro Moreno
245 0 _aValores que rompen la inercia
250 _a1ra. ed.
264 _bFisac Homini
942 _cLIB
999 _c40280
_d40280